00471fam a2200169 a 4500020001500000040000800015082002600023100002100049245006300070250001200133260003000145300003100175650002500206650002300231650002500254650002200279 a0471000841 cDLC00a363 WIL 1995 A016 Or.1 aArnold, Frank S.10aEconomic analysis of environmental policy and regulation / a1st ed. aNew York :bWiley,c1995. ax, 251 p. :bill ;c24 cm. 0aEnvironmental policy 0aEnvironmental law. 0aEnvironmental policy 0aEnvironmental law